Central Library OPAC University of Rajshahi

Thomson's special veterinary pathology / (Record no. 66836)

MARC details
000 -LEADER
fixed length control field 00965nam a2200289 a 4500
001 - CONTROL NUMBER
control field 66836
003 - CONTROL NUMBER IDENTIFIER
rucl marc code BD-RjUL
005 - DATE AND TIME OF LATEST TRANSACTION
control field 20211209081601.0
008 - FIXED-LENGTH DATA ELEMENTS--GENERAL INFORMATION
fixed length control field 170320s2001 moua b 001 0 eng
020 ## - INTERNATIONAL STANDARD BOOK NUMBER
International Standard Book Number 0323005608 (hc.)
035 ## - SYSTEM CONTROL NUMBER
System control number (BD-RjUL)66967)
040 ## - CATALOGING SOURCE
Original cataloging agency DLC
Transcribing agency DLC
Modifying agency DLC
-- BD-RjUL
Language of cataloging eng
041 ## - LANGUAGE CODE
Language code of text/sound track or separate title eng
082 00 - DEWEY DECIMAL CLASSIFICATION NUMBER
Classification number 636.089607
Edition number 23
Author mark and year MCT 2001
245 10 - TITLE STATEMENT
Title Thomson's special veterinary pathology /
Statement of responsibility, etc. edited by M. Donald McGavin, William W. Carlton, James F. Zachary.
246 30 - VARYING FORM OF TITLE
Title proper/short title Special veterinary pathology
250 ## - EDITION STATEMENT
Edition statement 3rd ed.
260 ## - PUBLICATION, DISTRIBUTION, ETC. (IMPRINT)
Place of publication, distribution, etc. St. Louis :
Name of publisher, distributor, etc. Mosby,
Date of publication, distribution, etc. c2001.
300 ## - PHYSICAL DESCRIPTION
Pagination xi, 755 p. :
Illustrations ill. ;
Size 29 cm.
504 ## - BIBLIOGRAPHY, ETC. NOTE
Bibliography, etc Includes bibliographical references.
650 #0 - SUBJECT ADDED ENTRY--TOPICAL TERM
Topical term or geographic name as entry element Veterinary pathology.
9 (RLIN) 197901
700 1# - ADDED ENTRY--PERSONAL NAME
Personal name McGavin, M. Donald.
Personal name Carlton, William.
Personal name Zachary, James F.
Personal name Thomson, R. G.
Fuller form of name (Reginald G.).
942 ## - ADDED ENTRY ELEMENTS (KOHA)
Source of classification or shelving scheme Dewey Decimal Classification
Koha item type Books
Holdings
Lost status Source of classification or shelving scheme Damaged status Not for loan Collection code Permanent Location Current Location Shelving location Date acquired Source of acquisition Cost, normal purchase price Total Checkouts Full call number Date last seen Copy number Koha item type
  Dewey Decimal Classification   Not For Loan Non-fiction Central Library, University of Rajshahi Central Library, University of Rajshahi Reading Room 09/12/2021 Dhaka, Paragon Enterprise ltd. 120.00   636.089607 MCT 2001 20/03/2017 C-1 Books